01508nam a2200325 i 4500001000700000003000900007005001700016008004100033020001800074080001100092080001100103080003400114080002600148080002900174100003900203245012000242260014200362300004100504504003200545594009000577600004000667630003100707650005300738650003400791700005100825710006000876852010800936999001901044952011901063184004ES-MaACL20230906222026.0150206s2001 sp aop |||| |dspa d a84-931127-8-X a75.057 a75.033 a091 Beato de Liébana, Santo a091 Beato de Tábara a091.01(460.184 Tábara)1 aRegueras Grande, Fernando.915614010aScriptorium b: Tábara visigoda y mozárabe / cFernando Regueras Grande y Hermenegildo García-Aráez Ferrer. a[S.l. : bAyuntamiento de Tábara : bCentro de Estudios Benaventanos "Ledo del Pozo" : bParroquia de Tábara], c[2001] (eSalamanca) a183 p. : bil. col., fot. ; c28 cm. aBibliografía: p. 175-183. aPublicado con motivo de la exposición "Scriptorium, Tábara visigoda y mozárabe"07aBeato de Liébana cSanto.915630107aBeato de Tábara.9156299 7aIluminación de manuscritos-zEspaña.9145370 4aManuscritos miniados.91510001 aGarcía-Aráez Ferrer, Hermenegildo.91563002 aCentro de Estudios Benaventanos "Ledo del Pozo"9144530 aES-MaACLjB-466 z. - enc. en tela granate z. - Donat. Centro de Estudios Benaventanos "Ledo del Pozo" c184004d184004 00104070aATENEOMbATENEOMcSPBd2015-02-06eDONl0oB-466p1193490r2023-02-23 00:00:00w2023-02-23yMONOGRAFIA